Language Quiz

Random Language Quiz

Missing Vowels II Quiz Stats

 Plays Quiz not verified by Sporcle

Score 0/16 Timer 03:00
0 Plays Today
% Correct
h_re
76.8%
p_rk
73.5%
st_ff
71.5%
r_mp
67.1%
past_
65.7%
b_sted
61.6%
f_rm
60.2%
bo_
59.1%
% Correct
to_
58%
j_t
57.7%
p_mp
57.7%
d_al
57.5%
sk_
51.4%
l_e
42.8%
n_ck
40.3%
cr_stal
33.4%

You're not logged in!

Compare scores with friends on all Sporcle quizzes.
OR
Log In

You Might Also Like...

Show Comments

Extras

Top Quizzes Today


Score Distribution

Your Account Isn't Verified!

In order to create a playlist on Sporcle, you need to verify the email address you used during registration. Go to your Sporcle Settings to finish the process.

Report this User

Report this user for behavior that violates our Community Guidelines.

Details: